Fundamentals of nursing / (Record no. 355965)
[ view plain ]
| 000 -LEADER | |
|---|---|
| fixed length control field | 00330nam a2200121Ia 4500 |
| 008 - FIXED-LENGTH DATA ELEMENTS--GENERAL INFORMATION | |
| fixed length control field | 180219s9999 xx 000 0 und d |
| 020 ## - INTERNATIONAL STANDARD BOOK NUMBER | |
| International Standard Book Number | 1582550018 |
| 100 ## - MAIN ENTRY--PERSONAL NAME | |
| Personal name | Ann, Archer |
| 245 ## - TITLE STATEMENT | |
| Statement of responsibility, etc | Ward, Billie E. |
| Title | Fundamentals of nursing / |
| 250 ## - EDITION STATEMENT | |
| Edition statement | 2nd ed |
| 260 ## - PUBLICATION, DISTRIBUTION, ETC. (IMPRINT) | |
| Place of publication, distribution, etc | USA : |
| Name of publisher, distributor, etc | Spring house corporation |
| Date of publication, distribution, etc | 2000 |
| 300 ## - PHYSICAL DESCRIPTION | |
| Extent | v, 338 pages |
| Withdrawn status | Lost status | Damaged status | Home library | Current library | Shelving location | Date acquired | Source of acquisition | Total Checkouts | Total Renewals | Full call number | Barcode | Date last seen | Date checked out | Price effective from | Koha item type |
|---|---|---|---|---|---|---|---|---|---|---|---|---|---|---|---|
| College Library | College Library | General Circulation Section | 02/19/2018 | 2 | 5 | RT 41 .An613 2000 | c21238 | 06/18/2024 | 06/11/2024 | 02/19/2018 | Books |